Cargando...
Amma/
| Autor principal: | |
|---|---|
| Formato: | Printed Book |
| Lenguaje: | Malayalam |
| Publicado: |
Kottayam:
SPCS,
2009
|
| LEADER | 00539nam a22001817a 4500 | ||
|---|---|---|---|
| 003 | OSt | ||
| 005 | 20200624124453.0 | ||
| 008 | 160726b xxu||||| |||| 00| 0 mal d | ||
| 041 | |a mal | ||
| 082 | |a 891.73 GOR/A | ||
| 100 | |a Maxim Gorki | ||
| 245 | |a Amma/ |c Maxim Gorki | ||
| 260 | |a Kottayam: |b SPCS, |c 2009 | ||
| 300 | |a 367p. | ||
| 546 | |a In Malayalam | ||
| 942 | |2 ddc |c BK | ||
| 999 | |c 330219 |d 330219 | ||
| 952 | |0 0 |1 0 |2 ddc |4 0 |6 891_730000000000000_GOR_A |7 0 |9 376815 |a CSC |b CSC |c ST1 |d 2016-07-26 |i 14022 |l 0 |o 891.73 GOR/A |p CSC14022 |r 2016-07-26 |w 2016-07-26 |y BK | ||